000 01411nam a2200349Ia 4500
001 ebr10058202
003 CaPaEBR
006 m u
007 cr cn|||||||||
008 960322s1997 enka sb 001 0 eng d
010 _z 96015698
020 _z0203439155
020 _z0415142792
020 _z0415142806 (pbk.)
040 _aCaPaEBR
_cCaPaEBR
035 _a(OCoLC)50760734
050 1 4 _aBD450
_b.R4448 1997eb
082 0 4 _a126/.09
_220
245 0 0 _aRewriting the self
_h[electronic resource] :
_bhistories from the Renaissance to the present /
_cedited by Roy Porter.
260 _aLondon ;
_aNew York :
_bRoutledge,
_c1997.
300 _axii, 283 p. :
_bill.
500 _aBased on a seminar series held at the Institute of Contemporary Arts, London, Eng., spring 1995.
504 _aIncludes bibliographical references and index.
533 _aElectronic reproduction.
_bPalo Alto, Calif. :
_cebrary,
_d2009.
_nAvailable via World Wide Web.
_nAccess may be limited to ebrary affiliated libraries.
650 0 _aSelf (Philosophy)
_xHistory.
650 0 _aSelf (Philosophy) in literature.
650 0 _aIdentity (Psychology)
_xHistory.
655 7 _aElectronic books.
_2local
700 1 _aPorter, Roy,
_d1946-2002.
710 2 _aebrary, Inc.
856 4 0 _uhttp://site.ebrary.com/lib/rucke/Doc?id=10058202
_zAn electronic book accessible through the World Wide Web; click to view
999 _c68154
_d68154